000 00886cam a2200253 a 4500
001 000002384
005 20250710141410.0
008 960521s1999 mx a b 001 0 spa
020 _a9701702530
040 _aDO-SdBNP
_bspa
_cBNPHU
041 1 7 _aeng
_hspa
_2Código de idioma MARC
082 _a511
_bJ71m, 1999
100 1 _aJohnsonbaugh, Richard,
_d1941-
_97572
245 1 0 _aMatemáticas discretas /
_cRichard Johnsonbaugh ; traducción de Oscar Alfredo Palmas Velasco.
250 _a4a ed.
260 _aMéxico :
_bPrentice Hall,
_c1999.
300 _axvi, 701 p. :
_bil. ;
_c26 cm.
534 _aTítulo original: Discrete mathematics
504 _aBibliografía: p. 615-620
650 0 _aMatemáticas
_91258
650 4 _aMatemáticas recreativas
_xProcesamiento de datos
_97573
700 1 _aPalmas Velasco, oscar Alfredo,
_etr.
_998
910 _aCatalogación por copia / LC
999 _c2224
_d2224